Biggest Cities in Ireland - Statistics

General Stats
  • This quiz has been taken 74 times
  • The average score is 5 of 10
Answer Stats
Population City % Correct
1,173,179 Dublin
100%
208,669 Cork
97%
94,192 Limerick
83%
79,934 Galway
75%
53,504 Waterford
63%
40,956 Drogheda
35%
39,004 Dundalk
32%
39,248 Swords
23%
32,600 Bray
22%
30,173 Navan
15%
No matching quizzes found
Score Distribution
Percent of People with Each Score
Percentile by Number Answered
Your Score History
You have not taken this quiz